Stories of prayer for a healthy soul / (Record no. 1460)

MARC details
000 -LEADER
fixed length control field 00952cam a2200301Ia 4500
001 - CONTROL NUMBER
control field 46460380
003 - CONTROL NUMBER IDENTIFIER
control field OCoLC
005 - DATE AND TIME OF LATEST TRANSACTION
control field 20180913161809.0
008 - FIXED-LENGTH DATA ELEMENTS--GENERAL INFORMATION
fixed length control field 010315s2000 miua e 000 0 eng d
010 ## - LIBRARY OF CONGRESS CONTROL NUMBER
LC control number 2007530339
020 ## - INTERNATIONAL STANDARD BOOK NUMBER
International Standard Book Number 0310982618
020 ## - INTERNATIONAL STANDARD BOOK NUMBER
International Standard Book Number 9780310982616
020 ## - INTERNATIONAL STANDARD BOOK NUMBER
International Standard Book Number 1593280092 (pbk.)
020 ## - INTERNATIONAL STANDARD BOOK NUMBER
International Standard Book Number 9781593280093 (pbk.)
035 ## - SYSTEM CONTROL NUMBER
System control number (OCoLC)46460380
040 ## - CATALOGING SOURCE
Original cataloging agency CMI
Language of cataloging eng
Transcribing agency CMI
Modifying agency P@N
-- BAKER
-- DLC
-- OCLCG
-- CIRBC
082 04 - DEWEY DECIMAL CLASSIFICATION NUMBER
Classification number 242.8
Edition number 21
Item number G738S
092 ## - LOCALLY ASSIGNED DEWEY CALL NUMBER (OCLC)
Classification number 242.8
Item number S8848
245 00 - TITLE STATEMENT
Title Stories of prayer for a healthy soul /
Statement of responsibility, etc. compiled by Christine M. Anderson.
260 ## - PUBLICATION, DISTRIBUTION, ETC.
Place of publication, distribution, etc. Grand Rapids, Mich. :
Name of publisher, distributor, etc. Inspirio,
Date of publication, distribution, etc. c2000.
300 ## - PHYSICAL DESCRIPTION
Extent 128 p. :
Other physical details col. ill. ;
Dimensions 21 cm.
500 ## - GENERAL NOTE
General note "With contributions from Billy Graham, Max Lucado, Joni Eareckson Tada, and others"--Cover.
650 #0 - SUBJECT ADDED ENTRY--TOPICAL TERM
Topical term or geographic name entry element Prayers.
650 #0 - SUBJECT ADDED ENTRY--TOPICAL TERM
Topical term or geographic name entry element Devotional literature.
650 #0 - SUBJECT ADDED ENTRY--TOPICAL TERM
Topical term or geographic name entry element Meditations.
700 1# - ADDED ENTRY--PERSONAL NAME
Personal name Anderson, Christine M.,
Dates associated with a name 1962-
942 ## - ADDED ENTRY ELEMENTS (KOHA)
Source of classification or shelving scheme Dewey Decimal Classification
Koha item type Books
Holdings
Withdrawn status Lost status Source of classification or shelving scheme Damaged status Not for loan Collection code Home library Current library Shelving location Date acquired Cost, normal purchase price Total Checkouts Full call number Barcode Date last seen Price effective from Koha item type
    Dewey Decimal Classification     Non-fiction Harvest Mission College Harvest Mission College General Stacks 13.09.2018 440.00   242.8 G738S 002292 13.09.2018 13.09.2018 Books

OPAC Designed and Maintained by HMC Library Team.
Copyright © HMC Library,Greater Noida, UP.
For any Suggestions/Query Contact library via Email:libhmc@gmail.com